banner-ar

LANGUAGE AND CHANGE IN THE ARAB MIDDLE EAST / (Record no. 13776)

MARC details
000 -الفاتح
حقل البيانات ثابتة الطول 00477nam a2200181Ia 4500
008 - عناصر البيانات ثابتة الطول - معلومات عامة
حقل البيانات ثابتة الطول 140319s9999 xx 000 0 eng d
040 ## - مصدر الفهرسة
وكالة الفهرسة الأصلية GCL /
وكالة النسخ GCL
082 04 - رقم تصنيف ديوى العشرى
رقم التصنيف 492.709
رقم المادة A L
100 1# - المدخل الرئيسى - إسم شخصى
الإسم الشخصى AYALON, AMI
245 10 - بيان العنوان
العنوان LANGUAGE AND CHANGE IN THE ARAB MIDDLE EAST /
بيان المسئوليه,etc AYALON, AMI
260 ## - PUBLICATION, DISTRIBUTION, ETC. (IMPRINT)
تاريخ النشر أو التوزيع 1987
300 ## - الوصف المادى
التعداد 196
650 04 - المدخل الاضافى بالموضوع-مصطلح موضوعى
مصطلح موضوعي نايل سات
650 04 - المدخل الاضافى بالموضوع-مصطلح موضوعى
مصطلح موضوعي HISTORY
650 04 - المدخل الاضافى بالموضوع-مصطلح موضوعى
مصطلح موضوعي ARABIC LANGUAGE
942 ## - عناصر المدخل الإضافي( كوها)
مصدر التصنيف او مخطط الترفيف Dewey Decimal Classification
Koha [default] item type كتاب
260 ## - PUBLICATION, DISTRIBUTION, ETC. (IMPRINT)
-- [S.N] :
-- OXFORD UNIVERSITY PRESS ،
Holdings
حالة التراجع حالة الفقد حالة تلف ليس للاعارة المكان المؤقت الموقع الحالى تاريخ الاكتساب اجمالي اﻻعارات رقم الطلب الباركود تاريخ اخر مشاهدة تاريخ تفعيل السعر نوع وعاء كوها
        مكتبة القاهرة الكبرى مكتبة القاهرة الكبرى 03/26/2014   492.709\A L 26153 03/26/2014 03/26/2014 كتاب
        مكتبة القاهرة الكبرى مكتبة القاهرة الكبرى 03/26/2014   492.709\A L 26154 03/26/2014 03/26/2014 كتاب

Powered By

EGPV